Longman Dictionary of English Language and Culture: Gets to the heart of the langyage

Bibliografiske detaljer
Sprog:engelsk
Udgivet: Harlow, Longman, 2000
Udgivelse:New ed.
Fag:
Format: MixedMaterials Bog
KOHA link:https://koha.lib.tpu.ru/cgi-bin/koha/opac-detail.pl?biblionumber=220390

MARC

LEADER 00000nam0a2200000 4500
001 220390
005 20231101230330.0
010 |a 058230203X 
035 |a (RuTPU)RU\TPU\book\240513 
035 |a RU\TPU\book\22046 
090 |a 220390 
100 |a 20120822d2000 km y0engy50 ba 
101 0 |a eng 
102 |a GB 
105 |a y e 000zy 
200 1 |a Longman Dictionary of English Language and Culture  |e Gets to the heart of the langyage 
205 |a New ed. 
210 |a Harlow  |c Longman  |d 2000 
215 |a 1568 p. 
606 1 |a Английский язык  |x Терминологические словари  |2 stltpush  |3 (RuTPU)RU\TPU\subj\29063  |9 52475 
610 1 |a терминологические словари 
610 1 |a культура 
686 |a Ш143.21-43  |v LBC/SL-A  |2 rubbk 
801 0 |a RU  |b 63413507  |c 20011209  |g PSBO 
801 2 |a RU  |b 63413507  |c 20120911  |g PSBO 
942 |c BK